000 00679nam a22002177a 4500
003 OSt
005 20250904014403.0
008 250904b |||||||| |||| 00| 0 eng d
020 _a0-316-78126-6
040 _aDWCL - Main lib
_cOC
082 _aCirc. 813.54 Sh561 2001
100 _aShreve, A.
245 _aThe last time they met :
_ba novel
260 _aNew York :
_b Little Brown and company,
_c c2001
300 _a313 p. :
_c 21 cm.
650 _2Adultery-fiction
650 _2Forgiveness-fiction
650 _2Women poets-fiction
650 _2Married people-fiction
942 _2ddc
_cBK-CIRC
_hCirc. 813.54 Sh561 2001
_kCirc.
_n0
999 _c4454
_d4454